Construction slowly switches on to IT (Record no. 76175)
[ view plain ]
| 000 -LEADER | |
|---|---|
| fixed length control field | 00968cab a2200181 4500 |
| 001 - CONTROL NUMBER | |
| control field | ##L131577 |
| 008 - FIXED-LENGTH DATA ELEMENTS--GENERAL INFORMATION | |
| fixed length control field | 051116n2005 000 0 eng u |
| 035 ## - SYSTEM CONTROL NUMBER | |
| System control number | (Sirsi) u131577 |
| 041 0# - LANGUAGE CODE | |
| Language code of text/sound track or separate title | eng |
| 100 1# - MAIN ENTRY--PERSONAL NAME | |
| Personal name | Mann, Will |
| 245 00 - TITLE STATEMENT | |
| Title | Construction slowly switches on to IT |
| 260 ## - PUBLICATION, DISTRIBUTION, ETC. | |
| Date of publication, distribution, etc. | 2005 |
| 490 #0 - SERIES STATEMENT | |
| Series statement | Contract Journal |
| Volume/sequential designation | 431(6550) 9 November 2005, 24-27(4) |
| 520 ## - SUMMARY, ETC. | |
| Summary, etc. | Headline results of the Contract Journal IT survey show that four out of five respondents are increasing their investment in IT, and a clear majority of those surveyed are satisfied with the IT strategy of their board. Concern is expressed however that under-investment in, and perceived lack of awareness of, IT is damaging the industry, making it difficult to attract young people into it. Bar charts. Phil Brown, executive officer of Causeway Technologies, comments on the survey. |
| 590 ## - LOCAL NOTE (RLIN) | |
| Local note | IKA221105 |
| 690 ## - LOCAL SUBJECT ADDED ENTRY--TOPICAL TERM (OCLC, RLIN) | |
| Topical term or geographic name as entry element | MANAGEMENT-BUSINESS MANAGEMENT-INFORMATION MANAGEMENT |
| 942 ## - ADDED ENTRY ELEMENTS (KOHA) | |
| Suppress in OPAC | 0 |
| Withdrawn status | Lost status | Source of classification or shelving scheme | Damaged status | Not for loan | Home library | Current library | Shelving location | Date acquired | Total Checkouts | Full call number | Barcode | Date last seen | Copy number | Price effective from | Koha item type |
|---|---|---|---|---|---|---|---|---|---|---|---|---|---|---|---|
| Dewey Decimal Classification | London | London | Journal article | 16/11/2005 | L131577 | 131577-1001 | 06/08/2019 | 1 | 06/08/2019 | Journal article |